| 000 | 00394nam a22001451a 4500 | ||
|---|---|---|---|
| 082 |
_aH100 9 _bIND/J |
||
| 100 | _aIndira Bahadur Singh | ||
| 245 |
_aJanwadi kavyabhasha ka shaili vaijyanik anushilan/ _cby Indira Bahadur Singh |
||
| 260 |
_aMumbai: _bUrmila, _c1993. |
||
| 300 | _a184p. | ||
| 650 | _aPoetry Hindi Criticism | ||
| 650 | _aLiterature Hindi | ||
| 650 | _aLiterature | ||
| 942 | _cBK | ||
| 999 |
_c21516 _d21516 |
||